| 000 | 00662nam a2200193 4500 | ||
|---|---|---|---|
| 008 | 010717s2000 us 0 engYA | ||
| 020 | _a0830814191 | ||
| 090 |
_aBS1151.2 _bW17i |
||
| 100 | 1 | _aWalton, John | |
| 245 | 1 | 0 |
_aThe IVP Bible background commentary : _bOld Testament / _cJohn Walton, Victor H. Matthews & Mark W. Chavalas |
| 260 |
_aIllinois : _bIVPress, _cc2000. |
||
| 300 |
_a832 p. : _bmaps. |
||
| 504 | _aIncludes bibliographical references. | ||
| 650 | 4 |
_aBible. O.T. _xCommentaries |
|
| 700 | 1 | _aChavalas, Mark W. | |
| 700 | 1 | _aMatthews, Victor H. | |
| 951 |
_p23777 _x00014788 _oBS1151.2/W17i _j070613110937468 _d2000-12-21 _cREF |
||
| 999 |
_c2464 _d2464 |
||